| 000 | 00339nam a22001337a 4500 | ||
|---|---|---|---|
| 999 |
_c533954 _d533954 |
||
| 003 | NUST | ||
| 020 |
_a9494141699 _qH/B. |
||
| 038 | _awaseem | ||
| 082 |
_a305.4095491 _bPAK |
||
| 245 |
_aPakistan women in Development / _cCompiled by Umme Kalsoom Adeel |
||
| 260 |
_aIslamabad : _bPanGraphics, _c1997. |
||
| 300 | _a404 p. | ||
| 942 |
_2ddc _cBK |
||